000 01044nam a2200205 4500
001 123972
003 ES-MaACL
005 20250729020315.0
007 t|
008 070214s1963 sp r ||||1| spa d
100 1 _aRamos Ruiz, Carlos.
_995355
245 1 0 _aNuevo catálogo de la documentación no incluída en el anterior y de la recibida con posterioridad, referente a la actuación del Cuerpo Facultativo de Archiveros, Bibliotecarios y Arqueólogos y de la sección correspondiente del Ministerio que se custodia en el archivo general del Ministerio de Educación Nacional /
_credactado por Carlos Ramos Ruiz ; prólogo de Miguel Bordonau y Más.
260 _aMadrid :
_b[s.n.],
_c1963 (
_fImp. Góngora)
300 _a320 p. ;
_c25 cm.
500 _aPrecede al Tit : Cuerpo Facultativo de Archiveros, Bibliotecarios y Arqueólogos.
700 1 _aBordonau Mas, Miguel.
_930417
710 2 _aCuerpo Facultativo de Archiveros, Bibliotecarios y Arqueólogos
_93354
852 _aES-MaACL
_jC-24429
_bR.53253
999 _c123972
_d123972